00366nam a22001217a 450000500170000000800410001704100130005808200160007110000130008724500940010030000250019465000250021920231129145619.0231129b |||||||| |||| 00| 0 eng d aEnglish  a340.06 AIM  lEnglish  aAim of the Course : bCandidate attorneys should have a thorough knowledge of the law...  b63 pages ; c31 cm.  aLegal practice bLaw